| Tag |
First Indicator |
Second Indicator |
Subfields |
| LEADER |
00000cam a22000003 4500 |
| 001 |
in00004512939 |
| 005 |
20191204153652.0 |
| 008 |
090831s2010 njuac b 000 0 eng d |
| 020 |
|
|
|a 9789814289870
|
| 020 |
|
|
|a 9814289876
|
| 035 |
|
|
|a (OCoLC)ocn435421692
|
| 035 |
|
|
|a (OCoLC)435421692
|
| 035 |
|
|
|z (UtOrBLW)51063
|
| 035 |
|
|
|a 71828
|
| 040 |
|
|
|a BTCTA
|c BTCTA
|d YDXCP
|d BWX
|d TMV
|d UtOrBLW
|
| 049 |
|
|
|a TMVM
|c 1
|
| 050 |
|
4 |
|a R856
|
| 060 |
|
4 |
|a WE 103
|b T822 2010
|
| 082 |
0 |
4 |
|a 610.28
|
| 245 |
0 |
0 |
|a Tributes to Yuan-Cheng Fung on his 90th birthday :
|b biomechanics, from molecules to man /
|c editors Shu Chien, Peter C-Y Chen, Geert W. Schmid-Schönbein [and others].
|
| 264 |
|
1 |
|a New Jersey :
|b World Scientific,
|c [2010]
|
| 264 |
|
4 |
|c ©2010
|
| 300 |
|
|
|a ix, 350 pages :
|b illustrations, portrait ;
|c 24 cm.
|
| 336 |
|
|
|a text
|2 rdacontent
|b txt
|
| 337 |
|
|
|a unmediated
|2 rdamedia
|
| 338 |
|
|
|a volume
|2 rdacarrier
|b nc
|
| 504 |
|
|
|a Includes bibliographical references.
|
| 650 |
|
2 |
|a Biomechanical Phenomena.
|
| 700 |
1 |
|
|a Chien, Shu.
|
| 999 |
|
|
|a MARS
|
| 999 |
f |
f |
|s 719480cb-87e5-3b59-b99a-cdf9ca630151
|i 809ae196-c453-3f35-b37e-98c9a770549f
|t 0
|
| 952 |
f |
f |
|p ric
|a Texas A&M University
|b Rellis Campus
|c Joint Library Facility
|d Remote Storage
|t 0
|e WE 103 T822 2010
|h National Library of Medicine classification
|i unmediated -- volume
|m 3238902110972
|
| 998 |
f |
f |
|a WE 103 T822 2010
|t 0
|l Remote Storage
|